00485 2200205 4500001002100000008004100021035002000062082000800082084001400090100001800104245004400122250000600166260003400172300001100206650001400217990001200231990001200243990001200255990001200267INLIS000000000000558 ind  a0010-0424000534 a900 a900 TRI s aHaryanto, Tri aSejarah Geologi IndonesiacTri Haryanto a1 aKlaten :bCempaka Putihc2009 a68 hlm aNon Fiksi a0722260 a0722261 a0722262 a0722263